[Event "Fast Game"]
[Site "www.echecsemail.com"]
[Date "2015.08.09"]
[Round "1"]
[White "Bojan"]
[Black "Mitja"]
[WhiteElo "1699"]
[BlackElo "1630"]
[Result "0-1"]
[Round "1"]
1.e4 d5
2.exd5 Qd8xd5
3.Nb1c3 Qd5d8
4.Ng1f3 Bc8g4
5.h3 Bg4xf3
6.Qd1xf3 c6
7.d4 e6
8.Bc1e3 h6
9.Bf1d3 Ng8f6
10.Nc3e4 Nf6xe4
11.Qf3xe4 Nb8d7
12.a3 Nd7f6
13.Qe4f3 Nf6d5
14.Be3d2 Bf8e7
15.Qf3g3 Be7f6
16.c4 Nd5b6
17.Bd2a5 Bf6xd4
18.Ra1b1 Bd4f6
19.O-O O-O
20.Rf1d1 Qd8e7
21.b3 Qe7xa3
22.Ba5d2 Kh8
23.Qg3c7 Qa3e7
24.Qc7g3 Rf8d8
25.Bd2e3 Nb6d7
26.Bd3c2 Nd7f8
27.Qg3f3 Kg8
28.b4 Rd8xd1
29.Qf3xd1 Bf6g5
30.f4 Bg5f6
31.Qd1f3 a6
32.Qf3e4 Qe7c7
33.f5 exf5
34.Qe4xf5 Qc7g3
35.Be3c5 Qg3e5
36.Qf5g4 Bf6e7
37.Bc5d4 Qe5g5
38.Qg4e2 Be7f6
39.Bd4e3 Qg5e5
40.Rb1e1 Ra8e8
41.Qe2f2 Bf6g5
42.Be3d2 Qe5b8
43.Re1xe8 Qb8xe8
44.Bd2xg5 hxg5
45.Bc2f5 g6
46.Bf5g4 Qe8e7
47.Qf2b2 Nf8h7
48.b5 Qe7c5
49.Kh1 cxb5
50.cxb5 axb5
51.Bg4f3 b6
52.Qb2b3 Nh7f6
53.Bf3e2 b4
54.Qb3b2 Qc5c3
55.Qb2a2 b3
56.Qa2b1 Kg7
57.Be2d1 b2
58.Bd1c2 b5
59.Bc2d3 Nf6d5
60.Bd3e4 b4
61.Kh2 Nd5f4
62.Qb1d1 Nf4h5
63.Be4b1 Qc3g3
64.Kh1 Qg3f4
65.Qd1d3 Nh5g3
66.Kg1 g4
67.hxg4 Qf4xg4
68.Qd3b3 Qg4d4
69.Kh2 Ng3f1
70.Kh3 Nf1d2
71.Qb3c2 Nd2xb1
72.Qc2xb1 Qd4c3
73.g3 b3
74.Qb1g1 Qc3d3
75.Qg1e1 Kf6
76.Kh4 g5
77.Kh3 b1Q
78.Qe1f2 Qd3f5
{ resign }
0-1

[Event "Tourn. n8285"]
[Site "www.chess-mail.com"]
[Date "2015.08.10"]
[Round "1"]
[White "Marandlen"]
[Black "Louis"]
[WhiteElo "1499"]
[BlackElo "1680"]
[Result "0-1"]
[Round "1"]
1.d4 Ng8f6
2.c4 g6
3.Nb1c3 Bf8g7
4.e4 d6
5.Ng1f3 O-O
6.Bf1e2 e5
7.Bc1g5 Nb8d7
8.O-O h6
9.Bg5h4 c6
10.dxe5 dxe5
11.Qd1c2 Qd8e7
12.Ra1d1 g5
13.Bh4g3 Nf6h5
14.a3 Nh5xg3
15.hxg3 Rf8e8
16.Nf3h2 Nd7f6
17.g4 Bc8e6
18.g3 Bg7f8
19.Kg2 a6
20.f3 b5
21.cxb5 cxb5
22.Rf1e1 Re8c8
23.Qc2b1 Qe7b7
24.Nh2f1 Bf8c5
25.Be2d3 Bc5d4
26.Nc3e2 Bd4b6
27.Nf1d2 h5
28.gxh5 Nf6xh5
29.Re1h1 Nh5f6
30.Rh1h2 Kg7
31.Rd1h1 Rc8h8
32.b4 Rh8xh2
33.Rh1xh2 Qb7d7
34.Nd2f1 g4
35.f4 Ra8d8
36.fxe5 Qd7xd3
37.exf6 Kxf6
38.Qb1xd3 Rd8xd3
39.Ne2f4 Rd3xa3
40.Nf4xe6 Ra3a2
41.Kh1 Ra2xh2
42.Nf1xh2 Kxe6
43.Nh2xg4 a5
{ resign }
0-1

[Event "Tourn. n8285"]
[Site "www.chess-mail.com"]
[Date "2015.08.10"]
[Round "1"]
[White "Iko"]
[Black "Marandlen"]
[WhiteElo "1480"]
[BlackElo "1499"]
[Result "1-0"]
[Round "1"]
1.e4 c5
2.e5 Nb8c6
3.f4 d6
4.Qd1e2 dxe5
5.fxe5 Bc8f5
6.g4 Bf5xc2
7.Nb1a3 Nc6d4
8.Qe2c4 e6
9.Bf1g2 Qd8h4
10.Kf1 Qh4xg4
11.Na3xc2 b5
12.Qc4d3 Qg4f4
13.Ng1f3 Nd4xf3
14.Qd3xf3 Qf4xf3
15.Bg2xf3 Ra8b8
16.d4 cxd4
17.Nc2xd4 a6
18.h4 Ng8e7
19.Bc1f4 Ne7g6
20.Bf4g3 Bf8c5
21.Bf3c6 Kd8
22.Ra1d1 Kc7
23.h5 Ng6e7
24.Bg3h4 Ne7xc6
25.Nd4xc6 Kxc6
26.Rh1h3 b4
27.Bh4f2 Bc5xf2
28.Kxf2 Rb8d8
29.Rd1c1 Kb6
30.Rh3h4 Rd8d2
31.Ke1 Rd2xb2
32.Rh4c4 Rh8b8
33.Rc4c6 Ka5
34.Rc1c5 Rb8b5
35.Kd1 Rb2xa2
36.Kc1 b3
37.Kb1 Rb5xc5
38.Rc6xc5 Kb4
39.Rc5c7 Ra2f2
40.Kc1 a5
41.Kb1 a4
42.Rc7c8 b2
43.Rc8b8 Ka3
44.Rb8b7 Rf2f1
45.Kc2 Rf1c1
46.Kd2 b1Q
47.Rb7xb1 Rc1xb1
48.Kc2 Ka2
49.h6 gxh6
50.Kc3 Rb1c1
51.Kb4 a3
52.Kb5 Kb1
53.Ka4 a2
54.Kb3 { resign }
1-0

[Event "Tourn. n8308"]
[Site "www.chess-mail.com"]
[Date "2015.08.10"]
[Round "1"]
[White "Picifarkinca"]
[Black "Silent1"]
[WhiteElo "1820"]
[BlackElo "1960"]
[Result "0-1"]
[Round "1"]
1.Ng1f3 Ng8f6
2.c4 c5
3.d4 cxd4
4.Nf3xd4 e6
5.Bc1g5 Bf8e7
6.Nb1c3 Nb8c6
7.e3 O-O
8.Bf1d3 Nc6xd4
9.exd4 h6
10.Bg5h4 a6
11.O-O Nf6h7
12.Bh4g3 d5
13.c5 Be7h4
14.Bd3xh7 Kxh7
15.Qd1d3 Kh8
16.Rf1e1 Qd8g5
17.Bg3xh4 Qg5xh4
18.Nc3a4 Ra8b8
19.Na4b6 Qh4e7
20.Nb6xd5 Qe7d8
21.Nd5b6 Bc8d7
22.Nb6xd7 Qd8xd7
23.Ra1d1 Qd7d5
24.a3 Rf8c8
25.b4 Rc8c6
26.Qd3g3 Rb8c8
 { time }
0-1

[Event "Tourn. n8277"]
[Site "www.chess-mail.com"]
[Date "2015.08.10"]
[Round "1"]
[White "Nimzo"]
[Black "Senitram"]
[WhiteElo "2720"]
[BlackElo "2590"]
[Result "1/2-1/2"]
[Round "1"]
1.Ng1f3 Ng8f6
2.c4 c5
3.Nb1c3 g6
4.e4 Bf8g7
5.d4 Qd8a5
6.Bc1d2 cxd4
7.Nf3xd4 O-O
8.Nd4c2 Nb8c6
9.Bf1e2 d6
10.O-O Bc8d7
11.b4 Qa5b6
12.Ra1b1 Nc6d4
13.Nc2xd4 Qb6xd4
14.Qd1c2 Bd7c6
15.Be2d3 Nf6g4
16.Nc3e2 Qd4b6
17.h3 Ng4e5
18.Bd2e3 Qb6c7
19.Ne2c3 b6
20.Bd3e2 Rf8c8
21.Rb1c1 Ne5d7
22.Be2g4 h5
23.Bg4xd7 Qc7xd7
24.Qc2d3 Rc8c7
25.b5 Bc6b7
26.Nc3d5 Rc7c8
27.a4 e6
28.Nd5c3 Qd7e7
29.Rf1d1 { draw }
1/2-1/2

[Event "Tourn. n7918"]
[Site "www.chess-mail.com"]
[Date "2015.08.10"]
[Round "1"]
[White "Passaroa25"]
[Black "Dspillman"]
[WhiteElo "1520"]
[BlackElo "1660"]
[Result "1/2-1/2"]
[Round "1"]
1.e4 e5
2.d3 Ng8f6
3.f3 Nb8c6
4.c3 b6
5.Ng1e2 Bc8a6
6.Ne2g3 Bf8c5
7.b4 Bc5d6
8.Bc1e3 O-O
9.Be3f2 Nc6e7
10.Bf1e2 c5
11.a3 Ra8c8
12.O-O Ne7g6
13.Ng3f5 Rc8c6
14.Kh1 b5
15.Rf1g1 c4
16.Bf2g3 Ng6e7
17.Nf5xd6 Rc6xd6
18.Bg3xe5 Rd6e6
19.Be5d4 Ne7c6
20.Bd4c5 d6
21.Bc5f2 Nc6e5
22.Bf2xa7 d5
23.Ba7d4 Ne5d7
24.Rg1f1 Qd8c7
25.Bd4g1 dxe4
26.dxe4 Rf8d8
27.Rf1e1 Nd7c5
28.Nb1d2 Nc5b3
29.Ra1a2 Re6e5
30.Bg1e3 Re5h5
31.h3 Qc7g3
32.Re1g1 Ba6b7
33.Qd1e1 Qg3e5
34.Nd2xb3 cxb3
35.Be3d4 Qe5f4
36.Bd4b6 Rd8d6
37.Bb6f2 Rd6c6
38.Ra2b2 h6
39.Bf2g3 Qf4e3
40.Rb2xb3 Rc6c8
41.Be2xb5 Qe3b6
42.Bb5d3 Nf6h7
43.Bg3f2 Qb6e6
44.c4 Bb7a6
45.b5 Ba6b7
46.h4 Qe6e5
47.g3 Nh7f6
48.Rg1g2 g5
49.Rg2h2 g4
50.f4 Qe5d6
51.Kg1 Qd6e6
52.e5 Nf6d5
53.a4 Nd5xf4
54.gxf4 f6
55.Bf2g3 fxe5
56.fxe5 Rc8d8
57.Qe1a5 Rd8d7
58.Rb3c3 Rd7f7
59.Qa5d8 Kg7
60.Bd3e2 Bb7e4
61.Qd8d6 Be4f5
62.Qd6xe6 Bf5xe6
63.c5 Rf7a7
64.c6 Ra7xa4
65.c7 Ra4a1
66.Kf2 Be6c8
67.Rc3c2 Kf7
68.b6 Ra1b1
69.Be2xg4 Bc8xg4
70.c8Q Bg4xc8
71.Rc2xc8 Rb1xb6
72.Rc8c7 Ke6
73.Rc7c2 Rb6b3
74.Kg2 Rh5f5
75.Kh3 h5
76.Rc2f2 Rf5xf2
77.Rh2xf2 Rb3e3
78.Rf2f6 Ke7
79.Rf6h6 Re3f3
80.Rh6xh5 Ke6
81.Rh5h6 Kf7
82.e6 Ke7
83.Rh6g6 Rf3f8
84.h5 Rf8h8
85.Kh4 Rh8h7
86.Bg3f4 Rh7h8
87.Bf4g5 Kf8
88.e7 Kf7
89.Rg6g7 Ke8
90.h6 Kd7
91.e8Q Kxe8
92.Rg7e7 Kf8
93.Kh5 Kg8
94.Kg6 Kf8
95.Bg5f6 Rh8g8
96.Re7g7 Rg8h8
97.h7 Ke8
98.Rg7g8 Kd7
99.Rg8xh8 Ke6
100.Rh8e8 Kd7
101.h8Q Kd6
102.Kg7 Kd7
103.Kg6 Kd6
104.Bf6h4 Kd7
105.Re8e7 Kd6
106.Qh8e5 Kc6
107.Qe5c3 Kd6
108.Kg7 Kd5
109.Re7e3 Kd6
110.Kf7 Kd5
111.Ke8 Kd6
112.Kd8 Kd5
113.Qc3c8 Kd4
114.Bh4g5 Kd5
115.Bg5e7 Kd4
116.Be7g5 Kd5
117.Kd7 Kd4
118.Ke7 Kd5
119.Qc8c3 
1/2-1/2

[Event "Tourn. n8313"]
[Site "www.chess-mail.com"]
[Date "2015.08.10"]
[Round "1"]
[White "Picifarkinca"]
[Black "Bigoak"]
[WhiteElo "1820"]
[BlackElo "1910"]
[Result "0-1"]
[Round "1"]
1.c4 g6
2.Nb1c3 Bf8g7
3.g3 d6
4.Bf1g2 c6
5.e3 Ng8f6
6.Ng1e2 e5
7.O-O O-O
8.b3 Bc8e6
9.Bc1a3 Qd8c7
10.d4 Nb8d7
11.d5 cxd5
12.Nc3xd5 Nf6xd5
13.cxd5 e4
14.dxe6 Bg7xa1
15.Ba3xd6 Qc7c6
16.Bd6xf8 Kxf8
17.exd7 Ba1f6
 { time }
0-1

[Event "Tourn. n8298"]
[Site "www.chess-mail.com"]
[Date "2015.08.10"]
[Round "1"]
[White "Liencam2"]
[Black "Guidom"]
[WhiteElo "2280"]
[BlackElo "2070"]
[Result "1-0"]
[Round "1"]
1.e4 e5
2.Ng1f3 Ng8f6
3.Nf3xe5 Qd8e7
4.d4 d6
5.Ne5f3 Nf6xe4
6.Bf1e2 Bc8g4
7.O-O Nb8d7
8.Be2d3 f5
9.Rf1e1 d5
10.c4 c6
11.Nb1d2 O-O-O
12.cxd5 cxd5
13.Qd1c2 Kb8
14.Bd3xe4 fxe4
15.Nd2xe4 dxe4
16.Re1xe4 Bg4f5
17.Bc1f4 Ka8
18.Ra1c1 Nd7b6
19.Re4xe7 Bf5xc2
20.Re7c7 Bc2e4
21.Nf3g5 Be4g6
22.Ng5e6 Rd8e8
23.d5 Bf8b4
24.a3 Nb6xd5
25.axb4 a6
26.Ne6xg7 Re8e4
27.Rc7c8 Rh8xc8
28.Rc1xc8 Ka7
29.Bf4b8 Kb6
30.f3 Re4xb4
31.Bb8e5 Ka7
32.Ng7e6 Bg6f5
33.Rc8e8 Bf5xe6
34.Re8xe6 Nd5f4
35.Be5xf4 Rb4xf4
36.Re6e4 Rf4f6
37.f4 Rf6b6
38.Re4e2 Rb6g6
39.Kf2 Kb6
40.Kf3 Kc5
41.f5 Rg6g7
42.Kf4 b5
43.f6 Rg7f7
44.Kf5 Kd6
45.Re2d2 Kc6
46.Ke6 { resign }
1-0

[Event "Tourn. n8297"]
[Site "www.chess-mail.com"]
[Date "2015.08.10"]
[Round "1"]
[White "Pinehill"]
[Black "Picifarkinca"]
[WhiteElo "1820"]
[BlackElo "1820"]
[Result "1-0"]
[Round "1"]
1.e4 c6
2.d4 d5
3.Nb1d2 dxe4
4.Nd2xe4 Nb8d7
5.Ng1f3 Ng8f6
6.Bf1d3 e6
7.O-O Nf6xe4
8.Bd3xe4 Nd7f6
9.Rf1e1 Nf6xe4
10.Re1xe4 Bf8d6
11.c3 Qd8c7
12.Qd1c2 Bc8d7
13.Bc1d2 O-O-O
14.a4 Rh8e8
15.b4 f6
16.Ra1e1 g5
17.h3 f5
18.Bd2xg5 fxe4
19.Bg5xd8 Qc7xd8
20.Qc2xe4 Qd8e7
21.Nf3d2 Re8g8
22.f4 Qe7h4
23.f5 Qh4xh3
24.fxe6 Bd6h2
25.Kf1 Rg8f8
26.Nd2f3 Qh3xe6
27.Qe4xe6 Bd7xe6
28.Re1xe6 Bh2f4
29.c4 Kd7
30.d5 Bf4d6
31.c5 Bd6b8
32.Re6h6 cxd5
33.Rh6xh7  { time }
1-0

[Event "Tourn. n8313"]
[Site "www.chess-mail.com"]
[Date "2015.08.10"]
[Round "1"]
[White "Xkafi"]
[Black "Picifarkinca"]
[WhiteElo "1960"]
[BlackElo "1820"]
[Result "1-0"]
[Round "1"]
1.Ng1f3 f5
2.e3 Ng8f6
3.Nf3d4 d5
4.b3 e5
5.Nd4f3 e4
6.Nf3d4 c5
7.Nd4b5 a6
8.Nb5c3 Nb8c6
9.Bc1b2 Bf8e7
10.f3 O-O
11.fxe4 fxe4
12.h3 Qd8d6
13.Nc3e2 Nf6h5
14.Ne2f4 Nh5xf4
15.exf4 Qd6xf4
16.Qd1e2 Be7h4
17.Kd1 Qf4g3
18.c4 d4
19.Qe2xe4 Bc8f5
20.Qe4d5  { time }
1-0

[Event "Tourn. n8317"]
[Site "www.chess-mail.com"]
[Date "2015.08.10"]
[Round "1"]
[White "Iko"]
[Black "Caspito"]
[WhiteElo "1570"]
[BlackElo "1690"]
[Result "0-1"]
[Round "1"]
1.e4 e5
2.Ng1f3 Nb8c6
3.Bf1c4 Nc6d4
4.Nf3xd4 exd4
5.Qd1f3 Qd8f6
6.Qf3xf6 Ng8xf6
7.d3 d6
8.Nb1a3 Bf8e7
9.Na3b5 O-O
10.Nb5xd4 a6
11.Bc1g5 b5
12.Bg5xf6 Be7xf6
13.Bc4d5 Ra8b8
14.Nd4c6 Rb8b6
15.f4 Bf6xb2
16.Ra1b1 Bb2c3
17.Ke2 Rf8e8
18.Rb1b3 Bc8g4
19.Ke3 Bc3f6
20.Rb3c3 Bf6xc3
21.h3 Bg4e6
22.Bd5xe6 fxe6
23.Nc6d4 Bc3xd4
24.Kxd4 c5
25.Kc3 d5
26.e5 d4
27.Kd2 c4
28.dxc4 bxc4
29.c3 Rb6b2
30.Kc1 Re8b8
31.Rh1d1 Rb2b1
32.Kc2 Rb8b2

0-1

[Event "Match"]
[Site "www.echecsemail.com"]
[Date "2015.08.10"]
[Round "1"]
[White "Irene"]
[Black "Ericleo1980"]
[WhiteElo "1970"]
[BlackElo "1809"]
[Result "0-1"]
[Round "1"]
1.d4 d5
2.Nb1c3 Ng8f6
3.Ng1f3 Bc8f5
4.g3 Qd8c8
5.Bc1f4 c6
6.Nf3e5 Bf5h3
7.e3 Bh3xf1
8.Rh1xf1 Qc8h3
9.Bf4g5 Nb8d7
10.Ne5f3 b5
11.Nc3e2 Qh3f5
12.Ne2f4 Nf6e4
13.Qd1d3 e6
14.h3 Ne4xg5
15.Qd3xf5 Ng5xf3
16.Ke2 Nf3xd4
17.exd4 exf5
18.Rf1e1 a5
19.Kf3 Kd8
20.Re1e3 Bf8d6
21.Re3c3 Ra8c8
22.a4 b4
23.Rc3e3 Bd6xf4
24.Kxf4 Rh8e8
25.Ra1e1 Re8xe3
26.Re1xe3 Nd7b6
27.b3 Rc8c7
28.Ke5 Nb6c8
29.Kxf5 Rc7e7
30.Re3e5 Nc8d6
31.Kf4 Re7xe5
32.Kxe5 Ke7
33.g4 g5
34.f4 f6
{ resign }
0-1

[Event "Match"]
[Site "www.echecsemail.com"]
[Date "2015.08.10"]
[Round "1"]
[White "Irene"]
[Black "Gmscalpel"]
[WhiteElo "1970"]
[BlackElo "1809"]
[Result "0-1"]
[Round "1"]
1.d4 Ng8f6
2.Nb1c3 d5
3.Ng1f3 e6
4.Bc1g5 Bf8e7
5.Bg5xf6 Be7xf6
6.e3 O-O
7.Bf1d3 c5
8.Nf3e5 Qd8b6
9.Nc3a4 Qb6a5
10.Na4c3 Bf6xe5
11.dxe5 d4
12.O-O dxc3
13.bxc3 Qa5xc3
14.Qd1h5 g6
15.Qh5g5 Nb8c6
16.f4 c4
{ resign }
0-1

[Event "Match"]
[Site "www.echecsemail.com"]
[Date "2015.08.10"]
[Round "1"]
[White "Raulazo"]
[Black "Mdesouza"]
[WhiteElo "1889"]
[BlackElo "2210"]
[Result "0-1"]
[Round "1"]
1.e4 e5
2.Ng1f3 Nb8c6
3.Bf1c4 Ng8f6
4.Nf3g5 d5
5.exd5 Nc6a5
6.Qd1e2 Na5xc4
7.Qe2xc4 Nf6xd5
8.Qc4b5 c6
9.Ng5xf7 Kxf7
10.Qb5e2 Bf8c5
11.Qe2f3 Qd8f6
12.Qf3xf6 gxf6
13.O-O Rh8g8
14.Rf1e1 Nd5f4
15.d3 Rg8xg2
16.Kh1 Rg2xf2
17.Bc1xf4 Bc8h3
18.Nb1c3 Bh3g2
19.Kg1 Rf2e2
20.d4 Bc5xd4
{ resign }
0-1

[Event "Match"]
[Site "www.echecsemail.com"]
[Date "2015.08.10"]
[Round "1"]
[White "Billyg"]
[Black "Jhw"]
[WhiteElo "1590"]
[BlackElo "1779"]
[Result "0-1"]
[Round "1"]
1.e4 e5
2.Ng1f3 Nb8c6
3.a3 a6
4.d4 f6
5.d5 Nc6a7
6.b4 c6
7.dxc6 bxc6
8.g4 d5
9.h3 d4
10.g5 Bf8e7
11.Nb1d2 fxg5
12.Nf3xe5 Ng8f6
13.Bf1c4 Qd8c7
14.Ne5d3 g4
15.e5 Nf6d7
16.O-O Nd7xe5
17.Nd3xe5 Qc7xe5
18.Rf1e1 Qe5c7
19.hxg4 Bc8b7
20.Nd2e4 O-O-O
21.Bc4e6 Kb8
22.Qd1f3 Rh8f8
23.Qf3g3 Be7d6
24.Qg3h4 h6
25.g5 Na7b5
26.Bc1b2 Rf8f4
27.Qh4h5 Rd8f8
28.Re1e2 Qc7e7
29.gxh6 Rf4h4
30.Qh5g5 Qe7xg5
31.Ne4xg5 gxh6
32.Ng5f7 Rf8g8
{ resign }
0-1

[Event "Match"]
[Site "www.echecsemail.com"]
[Date "2015.08.10"]
[Round "1"]
[White "Mitja"]
[Black "Bojan"]
[WhiteElo "1760"]
[BlackElo "1930"]
[Result "1-0"]
[Round "1"]
1.d4 g6
2.c3 Bf8g7
3.e3 d5
4.h3 a6
5.Ng1f3 Nb8c6
6.Nb1d2 Qd8d6
7.Nd2b3 Bc8f5
8.Bf1d3 Bf5e4
9.Bd3xe4 dxe4
10.Nf3d2 f5
11.Nd2f1 b6
12.Nf1h2 e5
13.Qd1e2 exd4
14.Nb3xd4 Nc6xd4
15.cxd4 Ng8e7
16.O-O Ne7d5
17.Rf1d1 Nd5b4
18.f3 exf3
19.Qe2xf3 O-O
20.Qf3e2 a5
21.a3 Nb4d5
22.Nh2f3 Ra8e8
23.Qe2d3 Nd5f6
24.b3 Re8e6
25.Rd1e1 c5
26.Bc1b2 Rf8e8
27.Ra1d1 Nf6h5
28.Nf3g5 Re6e7
29.Qd3c4 Kh8
30.Ng5f7 Re7xf7
31.Qc4xf7 Re8e7
32.Qf7c4 Qd6b8
33.Bb2a1 Re7c7
34.Qc4d3 Bg7f6
35.d5 Kg7
36.Ba1xf6 Nh5xf6
37.Qd3c3 Kf7
38.a4 Rc7d7
39.Qc3c4 Rd7d6
40.g4 fxg4
41.hxg4 g5
42.Re1f1 Kg7
43.Rf1f5 h6
44.Kg2 Qb8e8
45.Kf3 Kg6
46.Qc4d3 Kg7
47.Qd3c3 Qe8e7
48.Qc3d3 Nf6d7
49.Qd3c3 Kg6
50.Qc3d3 Kg7
51.Qd3c3 Nd7f6
52.Rf5e5 Qe7f8
53.Re5f5 Qf8d8
54.e4 Kg6
55.e5 Rd6xd5
56.Rf5xf6 Kg7
57.Rd1xd5 Qd8xd5
58.Kg3 Qd5e4
59.e6 h5
60.Rf6f4 { resign }
1-0

[Event "Tourn. n8316"]
[Site "www.chess-mail.com"]
[Date "2015.08.11"]
[Round "1"]
[White "Roserl"]
[Black "Coraza"]
[WhiteElo "1900"]
[BlackElo "1789"]
[Result "1-0"]
[Round "1"]
1.e4 e5
2.Ng1f3 Nb8c6
3.Bf1b5 Nc6d4
4.Nf3xd4 exd4
5.O-O c6
6.Bb5c4 b5
7.Bc4b3 c5
8.Bb3d5 Ra8b8
9.a4 Bc8a6
{ time. }
1-0

[Event "Tourn. n8311"]
[Site "www.chess-mail.com"]
[Date "2015.08.11"]
[Round "1"]
[White "Guidom"]
[Black "Scasan55"]
[WhiteElo "2070"]
[BlackElo "1930"]
[Result "0-1"]
[Round "1"]
1.e4 c5
2.Ng1f3 d6
3.c4 Ng8f6
4.Nb1c3 Nb8c6
5.d3 e6
6.Bf1e2 Bf8e7
7.O-O a6
8.Bc1g5 O-O
9.h3 h6
10.Bg5e3 Qd8c7
11.Ra1b1 b6
12.a3 Bc8b7
13.b4 Ra8b8
14.b5 axb5
15.Nc3xb5 Qc7d7
16.Qd1c2 Be7d8
17.e5 dxe5
18.Rf1d1 Nc6e7
19.Nf3xe5 Qd7c8
20.Be3f4 Rb8a8
21.a4 Ne7c6
22.Nb5d6 Qc8b8
23.Ne5xc6 Bb7xc6
24.Rb1a1 Bd8c7
25.Nd6e4 Bc7xf4
26.Ne4xf6 gxf6
27.Be2h5 Qb8e5
28.Bh5g4 h5
29.Bg4e2 Kh8
30.Rd1e1 Rf8g8
31.Be2f3 Qe5c7
32.Bf3xc6 Qc7xc6
33.g3 Bf4xg3
34.fxg3 Rg8xg3
35.Kh2 Qc6f3
{ resign }
0-1

[Event "Tourn. n8351"]
[Site "www.chess-mail.com"]
[Date "2015.08.11"]
[Round "1"]
[White "Vogue"]
[Black "Fkarpov"]
[WhiteElo "2010"]
[BlackElo "2090"]
[Result "1-0"]
[Round "1"]
1.c4 g5
2.g3 Bf8g7
3.Bf1g2 Nb8c6
4.d3 e5
5.Nb1c3 g4
6.e4 d6
7.f4 Ng8f6
8.fxe5 dxe5
9.Ng1e2 O-O
10.O-O Bc8d7
11.Bc1g5 Bd7e6
12.Nc3d5 Be6xd5
13.exd5 Nc6b8
14.Bg5xf6 Bg7xf6
15.Ne2c3 h5
16.Rf1f5 Bf6g7
17.Rf5xh5 Qd8d6
18.Bg2e4 Qd6b6
19.Kh1 Nb8a6
20.Qd1xg4 Rf8e8
21.Ra1f1 Re8e7
22.d6 Qb6xd6
23.Nc3d5 { resign }
1-0

[Event "Tourn. n8279"]
[Site "www.chess-mail.com"]
[Date "2015.08.11"]
[Round "1"]
[White "Gatrooper"]
[Black "Cheminet"]
[WhiteElo "1200"]
[BlackElo "1420"]
[Result "0-1"]
[Round "1"]
1.e4 e6
2.d4 d5
3.e5 c5
4.dxc5 Bf8xc5
5.Bc1e3 b6
6.Be3xc5 bxc5
7.Bf1b5 Bc8d7
8.Bb5xd7 Nb8xd7
9.Ng1f3 Ng8e7
10.Nf3g5 h6
11.Ng5h3 Qd8b6
12.O-O Qb6xb2
13.Nb1d2 Qb2xe5
14.Nd2f3 Qe5c7
15.g3 Ne7g6
16.Nh3f4 Ng6xf4
17.gxf4 Qc7xf4
18.c3 O-O
19.Qd1d3 Nd7e5
20.Nf3xe5 Qf4xe5
21.Ra1e1 Qe5f6
22.f3 Qf6g6
23.Qd3xg6 fxg6
24.Re1xe6 Kh7
25.f4 d4
26.cxd4 cxd4
27.Rf1d1 Rf8xf4
28.Rd1d2 g5
29.Kg2 g6
30.Re6e7 Kg8
31.Rd2c2 Rf4f7
32.Re7e6 Kh7
33.Rc2c6 Ra8g8
34.Rc6d6 Rf7f4
35.Re6e7 Rg8g7
36.Re7e8 Rg7g8
37.Rd6d7 Rg8g7
38.Rd7d8 Rg7f7
39.Re8h8 Kg7
40.Rd8g8 Kf6
41.Rh8xh6 Rf7g7
42.Rg8f8 Ke7
43.Rf8a8 d3
44.Ra8xa7 Kf6
45.Ra7a6 Ke5
46.Rh6h3 Rg7d7
47.Rh3e3 Kd4
48.Re3e1 d2
49.Re1d1 Kd3
50.Ra6xg6 Kc2
51.Rd1a1 d1Q
52.Ra1xd1 Kxd1
53.Rg6xg5 Rd7d3
54.Rg5b5 Rf4f3
55.Rb5b2 Rd3a3
56.Rb2f2 Rf3c3
57.h4 Rc3c2
58.Rf2xc2 Kxc2
59.h5 Kb2
60.h6 Kxa2
61.h7 Ra3a8
62.Kh3 Ra8h8
63.Kg4 Rh8xh7
64.Kg5 Rh7a7
65.Kf4 Kb3
66.Ke4 Kc3
67.Kd5 Ra7a4
68.Kc5 Ra4c4
69.Kd5 Kb4
70.Ke5 Kc5
71.Ke6 Rc4d4
72.Ke5 Kc4
73.Ke6 Rd4d5
74.Ke7 Kd4
75.Ke6 Ke4
76.Kf6 Rd5e5
77.Kf7 Kf5
78.Kf8 Kf6
79.Kg8 Re5e7
80.Kf8 Ke6
81.Kg8 Re7f7
82.Kh8 Kf6
83.Kg8 Kg6
84.Kh8 Rf7f8
{ resign }
0-1

[Event "Tourn. n8324"]
[Site "www.chess-mail.com"]
[Date "2015.08.11"]
[Round "1"]
[White "Mitja"]
[Black "Julian"]
[WhiteElo "1820"]
[BlackElo "1920"]
[Result "1-0"]
[Round "1"]
1.d4 Ng8f6
2.e3 d5
3.h3 g6
4.c3 Bf8g7
5.Ng1f3 O-O
6.Bf1d3 Nb8d7
7.O-O c5
8.dxc5 Nd7xc5
9.Bd3c2  { time }
1-0

[Event "Tourn. n8328"]
[Site "www.chess-mail.com"]
[Date "2015.08.11"]
[Round "1"]
[White "Gatrooper"]
[Black "Caspito"]
[WhiteElo "1460"]
[BlackElo "1690"]
[Result "0-1"]
[Round "1"]
1.e4 e5
2.a3 Ng8f6
3.Nb1c3 c6
4.Ng1f3 Bf8c5
5.d3 d6
6.Bc1e3 Bc5xe3
7.fxe3 Nf6g4
8.Qd1e2 O-O
9.d4 Bc8e6
10.h3 Ng4f6
11.d5 cxd5
12.exd5 Nf6xd5
13.Nc3xd5 Be6xd5
14.h4 Nb8c6
15.e4 Bd5e6
16.b3 Be6g4
17.Qe2e3 Nc6d4
18.Nf3xd4 exd4
19.Qe3xd4 Qd8d7
20.Bf1e2 Bg4xe2
21.Kxe2 Rf8e8
22.Kd1 Qd7g4
23.Kc1 Re8xe4
24.Qd4xd6 Re4e2
25.Rh1d1 h6
26.Qd6d3 Re2xg2
27.Kb2 Qg4xh4
28.Rd1d2 Rg2xd2
29.Qd3xd2 Qh4f6
30.c3 g5
31.Ra1g1 Ra8d8
32.Qd2c2 b5
33.Rg1g2 a5
34.Rg2f2 Qf6d6
35.Qc2f5 Rd8d7
36.Qf5h3 Kg7
37.Qh3f5 b4
38.axb4 axb4
39.c4 Qd6d4
40.Kc2 Qd4c3
41.Kb1 Qc3xb3
42.Kc1 Rd7d1
{ resign }
0-1

[Event "Match"]
[Site "www.echecsemail.com"]
[Date "2015.08.11"]
[Round "1"]
[White "Canario"]
[Black "Coraza"]
[WhiteElo "1750"]
[BlackElo "1860"]
[Result "1-0"]
[Round "1"]
1.e4 e5
2.Ng1f3 Nb8c6
3.Nb1c3 Ng8f6
4.Bf1c4 h6
5.d3 Bf8b4
6.Bc1d2 O-O
7.a3 Bb4xc3
{ time. }
1-0

[Event "Eq:Slap Shot Mates-BEAC Hungary : "]
[Site "www.chess-mail.com"]
[Date "2015.08.11"]
[Round "1"]
[White "Hwj"]
[Black "Hali"]
[WhiteElo "2780"]
[BlackElo "2140"]
[Result "1-0"]
[Round "1"]
1.e4 c5
2.Ng1f3 Nb8c6
3.Bf1b5 g6
4.Bb5xc6 bxc6
5.O-O Bf8g7
6.Rf1e1 e6
7.d3 Ng8e7
8.e5 O-O
9.Bc1g5 Rf8e8
10.Nb1c3 d5
11.Nc3a4 Qd8a5
12.c4 Ne7f5
13.Bg5d2 Qa5c7
14.Na4xc5 Ra8b8
15.cxd5 cxd5
16.Qd1a4 Bc8b7
17.Qa4xa7 Re8e7
18.g4 Nf5h6
19.h3 Qc7d8
20.Bd2g5 { resign }
1-0

[Event "Fast Game"]
[Site "www.echecsemail.com"]
[Date "2015.08.11"]
[Round "1"]
[White "Jhw"]
[Black "Bojan"]
[WhiteElo "1839"]
[BlackElo "1619"]
[Result "1-0"]
[Round "1"]
1.c4 g6
2.Ng1f3 Bf8g7
3.d4 e6
4.b4 d6
5.Nb1c3 Nb8d7
6.Bc1b2 Nd7b6
7.e3 d5
8.c5 Nb6c4
9.Bf1xc4 dxc4
10.Qd1e2 c6
11.Qe2xc4 Ng8e7
12.e4 b6
13.cxb6 axb6
14.a4 Bc8b7
15.O-O O-O
16.Rf1d1 Qd8c7
17.d5 Qc7f4
18.Nc3e2 exd5
19.Bb2xg7 dxc4
20.Ne2xf4 Kxg7
21.Rd1d7 Ra8a7
22.Rd7xe7 Kf6
23.Re7d7 Rf8e8
24.e5 Kg7
25.e6 Kf8
26.Nf3g5 fxe6
27.Nf4xe6 Kg8
28.Rd7g7 { resign }
1-0

[Event "Tourn. n8316"]
[Site "www.chess-mail.com"]
[Date "2015.08.12"]
[Round "1"]
[White "Llcervello"]
[Black "Raulazo"]
[WhiteElo "1630"]
[BlackElo "1889"]
[Result "1-0"]
[Round "1"]
1.e4 e5
2.Bf1d3 Ng8f6
3.Ng1f3 Nb8c6
4.c3 Bf8c5
5.b4 Bc5xf2
6.Kxf2 Nf6g4
7.Kg1 Nc6e7
8.h3 Ng4f6
9.Nf3xe5 O-O
10.Qd1f1 c6
11.Bd3c4 b5
12.Bc4xf7 Rf8xf7
13.Ne5xf7 Kxf7
14.e5 Qd8b6
15.d4 Ke6
16.exf6 gxf6
17.Bc1e3 Kf7
18.Be3g5 Ne7d5
19.Qf1f5 Kg7
20.Nb1d2 d6
21.Bg5xf6 Nd5xf6
22.Qf5g5 Kf7
23.Ra1f1 Qb6d8
24.Nd2e4 h6
25.Rf1xf6 Ke8
26.Qg5xh6 Qd8e7
27.Ne4xd6 Kd8
28.Nd6f7 Kc7
29.Rf6xc6 Kb8
30.Qh6f4 Kb7
31.d5 a5
32.Nf7d6 Ka7
33.Nd6xb5 Kb7
34.Rc6c7 Qe7xc7
35.Qf4xc7 Ka6
36.Qc7c6 
1-0

[Event "Tourn. n8303"]
[Site "www.chess-mail.com"]
[Date "2015.08.12"]
[Round "1"]
[White "Guidom"]
[Black "Panham"]
[WhiteElo "2070"]
[BlackElo "1980"]
[Result "1/2-1/2"]
[Round "1"]
1.e4 e6
2.d4 d5
3.Nb1c3 Ng8f6
4.e5 Nf6d7
5.Bf1b5 a6
6.Bb5xd7 Nb8xd7
7.f4 c5
8.dxc5 Bf8xc5
9.Ng1f3 b5
10.Qd1e2 Bc8b7
11.Bc1e3 Qd8b6
12.Be3xc5 Qb6xc5
13.O-O-O Nd7b6
14.Qe2d2 O-O-O
15.Qd2d4 Qc5c7
16.a3 Nb6c4
17.Nc3a2 Kb8
18.Nf3d2 Nc4a5
19.b4 Na5c4
20.Nd2b1 Rd8c8
21.c3 Nc4b6
22.Rd1d3 Nb6c4
23.Rh1e1 Qc7b6
24.Qd4xb6 Nc4xb6
25.Kd2 Nb6c4
26.Kc2 d4
27.g3 dxc3
28.Rd3xc3 Bb7d5
29.Na2c1 Nc4b6
30.Re1e3 Bd5c4
31.Re3e4 Nb6a4
32.Rc3xc4 Rc8xc4
33.Re4xc4 bxc4
34.Nb1c3 Na4xc3
35.Kxc3 Rh8c8
36.Nc1e2 Kb7
37.a4 Kb6
38.Ne2d4 h6
39.h4 Rc8c7
40.a5 Kb7
41.Nd4f3 Kc8
42.Nf3d2 Kd7
43.Nd2xc4 Kc6
44.Nc4d6 Kd5
45.Kb3 Kd4
46.b5 Rc7c5
47.Kb4 Rc5c1
48.bxa6 Rc1b1
49.Ka4 Rb1b8
50.a7 Rb8a8
51.Nd6b5 Kc5
52.g4 Kc6
53.Kb4 Ra8d8
54.Nb5d6 Rd8a8
55.Nd6b5 Ra8d8
56.Nb5d6 Rd8a8
57.Nd6b5 { draw }
1/2-1/2

[Event "Tourn. n8269"]
[Site "www.chess-mail.com"]
[Date "2015.08.12"]
[Round "1"]
[White "Roserl"]
[Black "Julian"]
[WhiteElo "1900"]
[BlackElo "1920"]
[Result "1-0"]
[Round "1"]
1.e4 c5
2.Ng1f3 d6
3.d4 cxd4
4.Nf3xd4 Ng8f6
5.Nb1c3 a6
6.Bf1e2 e5
7.Nd4b3 Bc8e6
8.Bc1e3 Nb8d7
9.O-O Ra8c8
10.f4 exf4
11.Be3xf4 Nd7e5
12.Nb3d4 Rc8xc3
13.bxc3 Bf8e7
14.Nd4xe6 fxe6
15.Ra1b1 b5
16.Rb1b4 Ne5c6
17.Rb4b1 O-O
18.Qd1d2 d5
19.exd5 Nf6xd5
20.Bf4g3 Be7c5
21.Kh1 Bc5e3
22.Qd2d3 Rf8xf1
23.Rb1xf1 Qd8g5
24.Be2f3 Be3b6
25.Rf1e1 Nd5e7
26.Re1xe6 Kf7
27.Qd3e2 Qg5c1
28.Bg3e1 Bb6c5
29.h3 Qc1f4
30.Bf3xc6 Bc5d6
31.g3 Qf4f5
32.Re6xd6 Qf5xh3
33.Kg1 Ne7xc6
34.Rd6xc6 { resign }
1-0